Study guide : (Record no. 2371)
[ view plain ]
| 000 -LEADER | |
|---|---|
| fixed length control field | 01247cam a22002777i 4500 |
| 008 - FIXED-LENGTH DATA ELEMENTS--GENERAL INFORMATION | |
| fixed length control field | 180822s2018 paua 000 0 eng d |
| 020 ## - INTERNATIONAL STANDARD BOOK NUMBER | |
| ISBN | 9780323531030 |
| 020 ## - INTERNATIONAL STANDARD BOOK NUMBER | |
| ISBN | 0323531032 |
| 100 1# - MAIN ENTRY--AUTHOR | |
| Author | Bonewit-West, Kathy, |
| 245 10 - TITLE STATEMENT | |
| Title | Study guide : |
| Remainder of title | Clinical procedures for medical assistants / |
| Statement of responsibility, etc | Kathy Bonewit-West, BS, MEd, Coordinator and Instructor, Medical Assistant Technology, Hocking College, Nelsonville, Ohio, former member, Curriculum Review Board of the American Association of Medical Assistants. |
| 250 ## - EDITION STATEMENT | |
| Edition statement | Tenth edition. |
| 260 ## - PUBLICATION, DISTRIBUTION, ETC. (IMPRINT) | |
| Place of publication | St.Louis |
| Name of publisher | Elsevier Ltd |
| Date of publication | 2018 |
| 300 ## - COLLATION | |
| Pagination | xviii, 918 pages : |
| Other physical details | illustrations ; |
| 500 ## - GENERAL NOTE | |
| General note | Companion to: Clinical procedures for medical assistants / Kathy Bonewit-West, 10th edition. |
| 500 ## - GENERAL NOTE | |
| General note | ISBN is same for Clinical procedures for medical assistants / Kathy Bonewit-West, 10th edition. |
| 650 #0 - TRACINGS | |
| Main Subject | Physicians' assistants. |
| 650 #0 - TRACINGS | |
| Main Subject | Clinical medicine |
| Subdivision (1st) | Problems, exercises, etc. |
| 650 #0 - TRACINGS | |
| Main Subject | Clinical medicine |
| Subdivision (2nd) | Examinations |
| Subdivision (1st) | Study guides. |
| 650 #7 - TRACINGS | |
| Main Subject | Clinical medicine. |
| 650 #7 - TRACINGS | |
| Main Subject | Clinical medicine |
| Subdivision (2nd) | Examinations. |
| 650 #7 - TRACINGS | |
| Main Subject | Physicians' assistants. |
| 700 1# - ADDITIONAL AUTHOR | |
| Additional Author | Bonewit-West, Kathy |
| 942 ## - ADDED ENTRY ELEMENTS (KOHA) | |
| Item type | Books |
| 050 00 - LIBRARY OF CONGRESS CALL NUMBER | |
| Classification number | R697.P45 |
| Item number | B663 2018 |
| 082 00 - DEWEY DECIMAL CLASSIFICATION NUMBER | |
| Classification number | 610.73/72069 |
| Source of classification or shelving scheme | Not for loan | Permanent location | Current location | Date acquired | Accession No. | Full call number | Barcode. | Koha item type |
|---|---|---|---|---|---|---|---|---|
| Library of Congress Classification | Medical Library | Medical Library | 03/17/2025 | 2024/64177 | R697.B66 | 2025-0638 | Books |